Countries That Are Not Officially UN Members - Statistics

General Stats
  • This quiz has been taken 93 times
  • The average score is 7 of 12
Answer Stats
Hint Answer % Correct
Partially Recognized Taiwan
94%
Observer State Palestine
91%
Specialized Agency State Kosovo
74%
Observer State Vatican City
74%
Partially Recognized Abkhazia
57%
Partially Recognized South Ossetia
57%
Partially Recognized Sahrawi
54%
Partially Recognized Somaliland
53%
Partially Recognized Transnistria
43%
Partially Recognized Northern Cyprus
41%
Specialized Agency State Cook Islands
28%
Specialized Agency State Niue
26%
No matching quizzes found
Score Distribution
Percent of People with Each Score
Percentile by Number Answered
Your Score History
You have not taken this quiz